000 00751nam a2200217Ia 4500
003 GCL
008 140319s9999 xx 000 0 ara d
020 _a695919977
040 _aGCL /
_cGCL
082 0 4 _a658.3124
_bن ت
100 1 _aنيوباى، تونى
245 1 0 _aالتدريب الفعال واثره علىالتكلفة :
_bدليل المدير /
_cنيوباى، تونى
250 _aالاولى
260 _aالقاهرة :
_bمجموعة النيل العربية ،
_c2003
300 _a144 ص ؛
_c24 سم
490 _aسلسلة المدرب العملية
_v0
650 0 4 _aالرؤساء والمديرون
650 0 4 _aالتدريب الادارى
650 0 4 _aالموظفون - تدريب
942 _2ddc
_cBK
999 _c5495
_d5495